Engineering economy / (Record no. 4103)

MARC details
000 -LEADER
fixed length control field 00952nac a22002651u 4500
010 ## - LIBRARY OF CONGRESS CONTROL NUMBER
LC control number 2001059806
020 ## - INTERNATIONAL STANDARD BOOK NUMBER
International Standard Book Number 0130673382 :
022 ## - INTERNATIONAL STANDARD SERIAL NUMBER
International Standard Serial Number 0130395552 :
082 00 - DEWEY DECIMAL CLASSIFICATION NUMBER
Classification number 658.15
Item number SUL
090 ## - LOCALLY ASSIGNED LC-TYPE CALL NUMBER (OCLC); LOCAL CALL NUMBER (OCLC)
-- 4103
-- 4103
100 ## - MAIN ENTRY--PERSONAL NAME
Personal name Sullivan, William G.,
245 10 - TITLE STATEMENT
Title Engineering economy /
Statement of responsibility, etc William G. Sullivan, Elin M. Wicks, James T. Luxhoj.
250 ## - EDITION STATEMENT
Edition statement 12th ed.
260 ## - PUBLICATION, DISTRIBUTION, ETC. (IMPRINT)
Place of publication, distribution, etc Upper Saddle River, NJ :
Name of publisher, distributor, etc Prentice Hall,2003
Date of publication, distribution, etc c2003.
300 ## - PHYSICAL DESCRIPTION
Extent xvi, 720 p. :
Other physical details ill. (some col.) ;
Dimensions 25 cm.
500 ## - GENERAL NOTE
General note One copy is an international edition
500 ## - GENERAL NOTE
General note One copy Distributed by Dar Fathy Taha Mohamed Desoukey
504 ## - BIBLIOGRAPHY, ETC. NOTE
Bibliography, etc Includes bibliographical references (p. 691-694) and index.
511 ## - PARTICIPANT OR PERFORMER NOTE
Participant or performer note Catalogued by: Sara
650 #0 - SUBJECT ADDED ENTRY--TOPICAL TERM
Topical term or geographic name as entry element Engineering economy.
700 1# - ADDED ENTRY--PERSONAL NAME
Personal name Wicks, Elin M.
700 1# - ADDED ENTRY--PERSONAL NAME
Personal name Luxhoj, James T.
942 ## - ADDED ENTRY ELEMENTS (KOHA)
Item type Book - Borrowing
Call number prefix 658.15SUL
Holdings
Withdrawn status Item status Damaged status Not for loan Home library Current library Shelving location Date acquired Source of acquisition Total Checkouts Total Renewals Full call number Barcode Date last seen Date last borrowed Koha item type Cost, replacement price
        Central Library Central Library First floor 21/08/2007 Purchase 2 15 658.15SUL 000000012 15/07/2025 26/12/2016 Book - Borrowing  
        Central Library Central Library First floor 21/08/2007 Purchase 5 30 658.15SUL 000010944 15/07/2025 03/01/2016 Book - Borrowing 50.00